| 000 | 00904nam a2200229 a 4500 | ||
|---|---|---|---|
| 001 | 76279 | ||
| 003 | BD-RjUL | ||
| 005 | 20211209082823.0 | ||
| 008 | 191119r20182001bg 000 0bben | ||
| 035 | _a(BD-RjUL)76500 | ||
| 040 |
_aBD-RjUL _cBD-RjUL _dBD-RjUL _bben |
||
| 041 | _aben | ||
| 082 | 0 | 4 |
_223 _a891.443 _bCHD 2018 |
| 100 | 1 |
_aচট্টোপাধ্যায়, বঙ্কিমচন্দ্র _9116961 |
|
| 245 | 1 | 0 |
_aদুর্গেশনন্দিনী / _cবঙ্কিমচন্দ্র চট্টোপাধ্যায়. |
| 250 | _a৪র্থ সং. | ||
| 260 |
_aঢাকা : _bবিশ্বসহিত| কেন্দ্র, _c২০১৮ |
||
| 300 |
_a১৫৯ পৃ. ; _c২১ সেমি. |
||
| 650 |
_aবাংলা সাহিত্য _vউপন্যাস _9116625 |
||
| 650 |
_aBengali literature _vNovels _9116939 |
||
| 942 |
_2ddc _cBK |
||
| 999 |
_c76279 _d76279 |
||